000 00369nam a2200145Ia 4500
008 100415s9999 xx 000 0 und d
082 _b10165
_a595.79(54)
100 _aBingham,C.t
245 _aFbi Hymenopter Ants
260 _aNEW DELHI
_c1975
_bTODAY & TOMORROW
365 _b0
630 _aFbi Hymenopter Ants
730 _aFbi Hymenopter Ants
942 _cBOOK
999 _c593094
_d593091